| 000 | 00503nam a2200169 i 4500 | ||
|---|---|---|---|
| 001 | 31813 | ||
| 003 | ES-MaACL | ||
| 005 | 20230906154440.0 | ||
| 007 | t| | ||
| 008 | 030130s1969 sp ||||1| spa d | ||
| 100 | 1 |
_aBecker, Gerhard. _926943 |
|
| 245 | 1 | 0 |
_a"Ich" / _cGerhard Becker ; [introducción de Jorge Ramón Sarasa Juanto]. |
| 260 |
_aSan Sebastián : _bIzarra, _c1969. |
||
| 300 |
_a342 p. ; _c21 cm. |
||
| 700 | 1 |
_aSarasa Juanto, Jorge Ramón. _9103762 |
|
| 852 |
_aES-MaACL _jC-38666 _bR.72571 |
||
| 999 |
_c31813 _d31813 |
||